Names for Organized Crime Syndicates - Statistics

General Stats
  • This quiz has been taken 83 times
  • The average score is 3 of 13
Answer Stats
Country/Region Crime Syndicate % Correct
Italy Mafia
97%
Japan Yakuza
83%
China Triad
41%
Latin America Cartels
17%
Russia Bratva
14%
Korea Geondol | Jopok
7%
United Kingdom Firms
6%
Netherlands Penose
6%
Jamaica Posses
6%
France La Milieu | Grand Banditisme
4%
Bulgaria Mutri
4%
Vietnam Xa Hoi Den
4%
Romania Clanuri Interlope
3%
No matching quizzes found
Score Distribution
Percent of People with Each Score
Percentile by Number Answered
Your Score History
You have not taken this quiz